[Event "BL2 West 0809 (Women)"]
[Site "Germany"]
[Date "2008.12.07"]
[Round "4.5"]
[White "Statz, Rebekka"]
[Black "Hielscher, Ursula"]
[Result "0-1"]
[WhiteElo "1095"]
[BlackElo "1885"]
[PlyCount "38"]
[EventDate "2008.11.08"]
[EventType "team-tourn"]
[EventRounds "7"]
[EventCountry "GER"]
[SourceTitle "EXT 2010"]
[Source "ChessBase"]
[SourceDate "2010.11.25"]
[SourceVersion "1"]
[SourceVersionDate "2010.11.25"]
[SourceQuality "1"]
[WhiteTeam "Erftstadt SV (W)"]
[BlackTeam "Kiel Doppelbauer (W)"]
[WhiteTeamCountry "GER"]
[BlackTeamCountry "GER"]

1. e4 e6 2. d4 d5 3. exd5 exd5 4. Bd3 Nf6 5. Ne2 Bd6 6. Bf4 Bxf4 7. Nxf4 0-0 8. 0-0 Qd6 9. Ne2 Nc6 10. c3 Ne7 11. Nd2 Ng6 12. Nf3 Bg4 13. Ng3 Rfe8 14. h3 Bd7 15. Nh2 Nf4 16. Nf5 Qb6 17. Qf3 Nxd3 18. Qxd3 Bb5 19. Qg3 Nh5 0-1

[Event "NRW-ch U14 Girls"]
[Site "Kranenburg"]
[Date "2007.04.10"]
[Round "3"]
[White "Friese, Sarah"]
[Black "Statz, Rebekka"]
[Result "1-0"]
[WhiteElo "1061"]
[BlackElo "840"]
[PlyCount "87"]
[EventDate "2007.04.09"]
[EventType "swiss"]
[EventRounds "7"]
[EventCountry "GER"]
[SourceTitle "EXT 2008"]
[Source "ChessBase"]
[SourceDate "2007.11.25"]
[SourceVersion "1"]
[SourceVersionDate "2007.11.25"]
[SourceQuality "1"]

1. e4 e5 2. Nf3 Nc6 3. Bb5 Nge7 4. 0-0 a6 5. Ba4 b5 6. Bb3 d6 7. h3 Ng6 8. c3 Be6 9. d4 d5 10. exd5 Bxd5 11. Bxd5 Qxd5 12. dxe5 Qxd1 13. Rxd1 Ngxe5 14. Nxe5 Nxe5 15. Bf4 Bd6 16. Bxe5 Bxe5 17. Re1 f6 18. f4 0-0 19. fxe5 fxe5 20. Rxe5 Rad8 21. Re1 Rf6 22. Na3 Rfd6 23. Re2 h6 24. Rae1 R6d7 25. Nb1 Kh7 26. b3 Rd1 27. Rf1 R1d6 28. c4 b4 29. Kf2 Kg8 30. Rc1 Kf7 31. Ke1 a5 32. Rd2 R8d7 33. Rxd6 Rxd6 34. Rd1 Ke6 35. Rxd6+ Kxd6 36. Ke2 Ke5 37. Ke3 c5 38. a3 g5 39. g4 Ke6 40. axb4 axb4 41. Nd2 Ke5 42. Ne4 Ke6 43. Nxc5+ Kd6 44. Kd4 1-0